|
|
|
|
| LEADER |
00000nam a2200000 a 4500 |
| 001 |
vtls008297670 |
| 003 |
SK-MaSNL |
| 005 |
20260301020038.0 |
| 008 |
240315s2005 xo ol d ap 000 0 slo |
| 015 |
|
|
|a SNBA2005/12-05053
|
| 020 |
|
|
|a 808070385X
|q (viaz.)
|
| 035 |
|
|
|a 411BDF16-BA67-478C-8DF0-282113D79475
|
| 035 |
|
|
|a urn:nbn:sk:snk-amky40
|
| 035 |
|
|
|a urn:nbn:sk:snk-am008qfo
|
| 040 |
|
|
|a SNK
|b slo
|c SNK
|e AACR2
|
| 041 |
0 |
|
|a slo
|b eng
|
| 044 |
|
|
|a xo
|c SK
|
| 072 |
|
7 |
|a 537.6/.8
|x Magnetizmus. Elektromagnetizmus
|2 konspekt
|
| 080 |
|
|
|a 537.6
|2 MDT-MRF
|
| 080 |
|
|
|a 537.612
|2 MDT-MRF
|
| 080 |
|
|
|a (075.8)
|2 MDT-MRF
|
| 080 |
|
|
|a 621.77+621.98
|2 MDT-MRF
|
| 080 |
|
|
|a 621.7.04
|2 MDT-MRF
|
| 100 |
1 |
|
|a Moravec, Ján,
|d 1961-
|4 aut
|9 204479
|
| 245 |
1 |
0 |
|a Magnetizmus v tvárnení
|c Ján Moravec
|
| 250 |
|
|
|a 1. vyd.
|
| 260 |
|
|
|a V Žiline
|b Žilinská univerzita
|c 2005
|
| 300 |
|
|
|a 133 s.
|b fotogr., sch., tab.
|c 25 cm
|
| 490 |
1 |
|
|a Vedecké monografie
|
| 504 |
|
|
|a Bibliogr. odkazy
|
| 506 |
|
|
|a 100 výtl.
|
| 546 |
|
|
|a Res. angl.
|
| 650 |
0 |
7 |
|a tvárnenie
|2 SNKPH
|9 19489
|
| 650 |
0 |
7 |
|a magnetizmus
|2 SNKPH
|9 1778
|
| 650 |
0 |
7 |
|a magnetické pole
|2 SNKPH
|9 89417
|
| 650 |
0 |
7 |
|a tvárnenie kovov
|2 SNKPH
|9 68484
|
| 655 |
|
7 |
|a učebnice vysokých škôl
|2 SNKPH
|9 70191
|
| 752 |
|
|
|a Slovensko
|d Žilina
|
| 810 |
2 |
|
|a Žilinská univerzita v Žiline
|t Vedecké monografie
|9 306802
|
| 919 |
|
|
|a 80-8070-385-X
|
| 958 |
|
|
|a OND
|
| 968 |
|
|
|d 62
|
| 999 |
|
|
|c 562103
|d 564033
|
| 952 |
|
|
|a SNK
|b SNK
|y PREZ
|7 0
|p 17A0484156
|o snkSC 121225
|i snk2005/15432
|8 0
|0 0
|1 0
|4 0
|d 2005-09-14
|f 1
|l 0
|r 2025-05-30 00:00:00
|w 2026-02-23
|
| 952 |
|
|
|a SNK
|b SNK
|y VYP
|7 0
|p 17A0484157
|o snkSC 121225 D1
|i snk2005/15433
|8 0
|0 0
|1 0
|4 0
|d 2005-09-14
|l 0
|r 2026-02-23 13:46:14
|w 2026-02-23
|